000 00387nam a22001337a 4500
003 SGT
020 _a9789381224038
082 _a200
_bV15K
100 _aकोठरी, गुलाब
245 _aविष्णु सूक्त : वेद विज्ञान माला
260 _b ओझा वैदिक अध्ययन
_c2015
300 _a94
942 _2ddc
_cBK
999 _c31722
_d31722